000 01336nam a2200289 i 4500
003 DO-SdBNP
005 20240920144807.0
007 ta
008 240920b2024 dr ac||| |||| 00| 0 spa d
040 _aDO-SdBNP
_bspa
_cBNPHU
_erda
082 4 _222
245 0 0 _aInstituto Santa Rosa :
_b50 años de educación para sordos 1972-2022 /
_credacción y edición, Onelia Aybar Sepúlveda, María Jesús Pérez de Mansfield, Carlos Acero Ruiz, Juan Mansfield ; corrección, Eduardo Villanueva ; coordinación, Ilsa Helú González
264 _aSanto Domingo :
_bEditora Instituto para Sordos Santa Rosa, Servicios Integrales,
_c2024.
300 _a138 páginas :
_bilustraciones, retratos ;
_c32 cm.
336 _atexto
_btxt
_2rdacontent
337 _asin mediación
_bn
_2rdamedia
338 _avolumen
_bnc
_2rdacarrier
590 _aInventariado, 2024/BT
700 1 _aAybar Sepulveda, Onelia,
_eredactor y editor
_4re. y ed.
_956771
700 1 _aPérez Mansfield, María Jesús de,
_eredactor y editor
_4re. y ed.
_986630
700 1 _aAcero Ruiz, Carlos,
_eredactor y editor
_4re. y ed.
_971614
700 1 _aMansfield, Juan,
_eredactor y editor
_4re. y ed.
_986631
700 1 _aVillanueva, Eduardo,
_ecorrector
_4corr.
_91707
700 1 _aHelú González, Ilsa de,
_ecoordinador
_4coord.
_986632
910 _aBtavárez
942 _2ddc
_cLBS1
999 _c57734
_d57734